000 00553nam a2200229 a 4500
003 AR-BaBNM
005 20251128203128.0
008 082120s2002 ||||||||||||||000 | spa||
040 _cAR-BaBNM
100 1 _aTasca, Susana
245 0 0 _aLos pies en el plato
260 _aBuenos Aires
_bEdiciones Ukamar
_c1986
300 _a149 p.
650 4 _aLITERATURA ARGENTINA
650 4 _aLITERATURA CONTEMPORANEA
650 4 _aHUMOR
653 _aNARRATIVA
653 _aCUENTO FANTASTICO
655 _aLITERATURA
942 _cBK
998 _cMARTIN
999 _c2033
_d2033